Tres psicologías : (Registro nro. 29975)

Detalles MARC
000 -CABECERA
Longitud fija campo de control 01124nam a2200265 a 4500
003 - • IDENTIFICADOR DELl NÚMERO DE CONTROL
Identificador del número de control CO-ViMGA
008 - • CÓDIGOS DE INFORMACIÓN DE LONGITUD FIJA
Códigos de información de longitud fija 141112s2004 ck r 000 u spa d
020 ## - • NÚMERO INTERNACIONAL NORMALIZADO PARA LIBROS
Número Internacional Normalizado para Libros (ISBN) 9706861130
040 ## - FUENTE DE LA CATALOGACIÓN
Centro catalogador de origen CO-ViMGA
Lengua de catalogación spa
Centro transcriptor CO-ViMGA
082 04 - • NÚMERO DE LA CLASIFICACIÓN DECIMAL DEWEY
Número de clasificación (R) 150 N937t
100 1# - • PUNTO DE ACCESO PRINCIPAL-NOMBRE DE PERSONA
Nombre de persona Nye, Robert D.
245 10 - • TITULO PROPIAMENTE DICHO
Título Tres psicologías :
Resto del título Perspectivas de Freud, Skinner y Rogers
250 ## - • MENCIÓN DE EDICIÓN
Mención de edición 6
300 ## - • DESCRIPCIÓN FÍSICA
Extensión 182
490 ## - • MENCIÓN DE SERIE
Mención de serie Ciencias sociales y humanidades
505 ## - • NOTA DE CONTENIDO CON FORMATO
Nota de contenido con formato Sigmund freud y el psicoanálisis 7 - - B.F. Skinner y el conductismo radical 47 - - Carl Rogers y la fenomenología humanista 97 - - Comparaciones, contrastes, críticas y conclusiones 133
590 ## - NOTAS LOCALES
Nota local Forma de adquisición : Compra fact. 0862 - - Precio : 39000 - - Proveedor : Temas y libros - - Fecha de adquisición : Mayo 2007
650 14 - • PUNTO DE ACCESO ADICIONAL DE MATERIA - TÉRMINO DE MATERIA
Término de materia o nombre geográfico como elemento inicial FREUD, SIGMUND 1856 - 1939 - CRITICA E INTERPRETACION
650 14 - • PUNTO DE ACCESO ADICIONAL DE MATERIA - TÉRMINO DE MATERIA
Término de materia o nombre geográfico como elemento inicial PSICOLOGIA
650 14 - • PUNTO DE ACCESO ADICIONAL DE MATERIA - TÉRMINO DE MATERIA
Término de materia o nombre geográfico como elemento inicial ROGERS, CARL 1902 - 1987 - CRITICA E INTERPRETACION
650 14 - • PUNTO DE ACCESO ADICIONAL DE MATERIA - TÉRMINO DE MATERIA
Término de materia o nombre geográfico como elemento inicial SKINNER, BURRHUS FEDERIC 1904 - 1990 - CRITICA E INTERPRETACION
942 ## - ENTRADA DE ELEMENTOS AGREGADOS (KOHA)
Fuente de clasificaión o esquema Dewey Decimal Classification
Koha [por defecto] tipo de item LIbro
Existencias
Perdido Fuente de clasificación o esquema Estado Físico No para préstamo Forma de adquisición Localización permanente Localización actual Fecha adquisición Serie de enumeración / cronolog&íacute;a Préstamos totales Signatura completa Código de barras Fecha última consulta Número de copia Fecha del precio de reemplazo Tipo de item de Koha Fecha último préstamo
  Dewey Decimal Classification     Sala Especializada Tercer Piso Biblioteca Pública Germán Arciniegas - Villavicencio Biblioteca Pública Germán Arciniegas - Villavicencio 12/04/2015 08/mar/2012   150 N937t 22943 12/04/2015 Ej. 2 12/04/2015 LIbro  
  Dewey Decimal Classification     Sala Especializada Tercer Piso Biblioteca Pública Germán Arciniegas - Villavicencio Biblioteca Pública Germán Arciniegas - Villavicencio 12/04/2015 Volumen. 1 | 11/jun/2009 1 150 N937t 21355 04/30/2018 Ej. 1 12/04/2015 LIbro 04/20/2018









Instituto Departamental de Cultura del Meta - Red Departamental de Bibliotecas Públicas del Meta.